00358nam a2200109Ia 4500008004100000082000800041100001800049245006300067942000600130952009700136999001500233240331s9999 xx 000 0 und d bSRI aCleary, S. ed 0aEuropean NGO forum on Sri lanka :bSri Lanka poverty study cL 001040708LaWERCLbWERCLcSSCd2024-03-31l0o 330.9 SRIp1022r2024-03-31w2024-03-31yL c2570d2570